South Eastern Kenya University

Library Online Public Access Catalogue


Emergency care. (Record no. 5729)

MARC details
000 -LEADER
fixed length control field 01065cam a22002294a 4500
020 ## - ISBN
International Standard Book Number 0130157945 (case)
020 ## - ISBN
International Standard Book Number 0130157929 (pbk.)
050 00 - LIBRARY OF CONGRESS CALL NUMBER
Classification Number RC86.7
Item Number .B68 2001
100 ## - MAIN ENTRY--Author
Personal name Limmer, D.
245 00 - TITLE
Title Emergency care.
Statement of responsibility, etc Daniel Limmer, Michael F. O'Keefe, Harvey D. Grant, Robert H. Murray & J. David Bergeron.
250 ## - EDITIONSTATEMENT
Edition statement 9th ed., Military ed. /
Remainder of edition statement Daniel Limmer ... [et al.] ; contributors, Beth Lothrop Adams ... [et al.] ; medical editor, Edward T. Dickinson.
260 ## - PUBLICATION, DISTRIBUTION, ETC.(IMPRINT)
Place of publication, distribution, etc Upper Saddle River, NJ [USA] :
Name of publisher, distributor, etc Brady/Prentice Hall Health,
Date of publication, distribution, etc c2001.
300 ## - PHYSICAL DESCRIPTION
Extent xl, 888 p. :
500 ## - GENERALNOTE
General note Rev. ed. of: Brady emergency care. 8th ed. c1998.
500 ## - GENERALNOTE
General note Includes medical terminologies and index.
500 ## - GENERALNOTE
General note Includes CD-ROM.
650 ## - SUBJECT--TOPIC
General subdivision First aid in illness and injury ;
-- Rescue work ;
-- Emergency medical personnel ;
-- Emergency medicine ;
-- Medical emergencies ;
-- Emergency medical technicians ;
-- Emergency medical services.
700 1# - ADDED ENTRY--PERSONAL AUTHOR
Personal Name Limmer, Daniel.
700 1# - ADDED ENTRY--PERSONAL AUTHOR
Personal Name Adams, Beth Lothrop.
700 1# - ADDED ENTRY--PERSONAL AUTHOR
Personal Name Dickinson, Edward T.
942 ## - ADDED ENTRY ELEMENTS(KOHA)
Source of classification or shelving scheme Library of Congress Classification
Koha item type General circulation
Holdings
Source of classification or shelving scheme Not for loan Location (home branch) Sublocation (holding branch) Shelving location Date accessioned Cost, normal purchase price Full call number Barcode Cost, replacement price Nonpublic note Koha item type Public note
Library of Congress Classification   Main Campus Library Main Campus Library   13/07/2015 3801.00 RC86.7 .B68 2001 2015/002515 4181.00 Nzk General circulation Nzk
Kitui, Kenya.
+254736116989
library@seku.ac.ke